00509nam a2200193 a 4500001001300000003000900013005001700022008004100039020002300080082001800103100002300121245003800144260003500182300000900217500003500226505001000261650002100271700002300292nice12345678IN_TiNIC20260116014527.0100927s2009 dela grp 000 0 eng  a9788178242972c79500a297.0954bMET aMetcalf, D Barbara aIslam in South Asiab in Practice aDelhi bPermanent Black c2009 a474p aincludes index and biblioraphy2 aIndex aIslam-South Asia1 aMetcalf, D Barbara